New perspectives on HTML, XHTML, and XML / (Record no. 13518)
[ view plain ]
| 000 -LEADER | |
|---|---|
| fixed length control field | 01334cam a22003495a 4500 |
| 001 - CONTROL NUMBER | |
| control field | 15549773 |
| 005 - DATE AND TIME OF LATEST TRANSACTION | |
| control field | 20090505172125.0 |
| 008 - FIXED-LENGTH DATA ELEMENTS--GENERAL INFORMATION | |
| fixed length control field | 081209s2009 maua 001 0 eng d |
| 010 ## - LIBRARY OF CONGRESS CONTROL NUMBER | |
| LC control number | 2008301188 |
| 020 ## - INTERNATIONAL STANDARD BOOK NUMBER | |
| International Standard Book Number | 9781439037720 |
| 020 ## - INTERNATIONAL STANDARD BOOK NUMBER | |
| International Standard Book Number | 1439037728 |
| 035 ## - SYSTEM CONTROL NUMBER | |
| System control number | (OCoLC)ocn256789249 |
| 040 ## - CATALOGING SOURCE | |
| Original cataloging agency | CPA |
| Transcribing agency | CPA |
| Modifying agency | CPA |
| -- | DLC |
| 042 ## - AUTHENTICATION CODE | |
| Authentication code | lccopycat |
| 050 00 - LIBRARY OF CONGRESS CALL NUMBER | |
| Classification number | QA76.76.H94 |
| Item number | C3676 2009 |
| 082 04 - DEWEY DECIMAL CLASSIFICATION NUMBER | |
| Classification number | 005.72 |
| Edition number | 22 |
| Item number | CAR |
| 100 1# - MAIN ENTRY--PERSONAL NAME | |
| Personal name | Carey, Patrick, |
| Dates associated with a name | 1961- |
| 9 (RLIN) | 7202 |
| 245 10 - TITLE STATEMENT | |
| Title | New perspectives on HTML, XHTML, and XML / |
| Statement of responsibility, etc | Patrick Carey. |
| 246 14 - VARYING FORM OF TITLE | |
| Title proper/short title | HTML and XHTML |
| 250 ## - EDITION STATEMENT | |
| Edition statement | 3rd. ed. |
| Remainder of edition statement | International ed. |
| 260 ## - PUBLICATION, DISTRIBUTION, ETC. (IMPRINT) | |
| Place of publication, distribution, etc | Boston, Mass. : |
| Name of publisher, distributor, etc | Course Technology, Cengage Learning, |
| Date of publication, distribution, etc | c2010. |
| 300 ## - PHYSICAL DESCRIPTION | |
| Extent | 847; Various p.; |
| Other physical details | col. ill. ; |
| Dimensions | 28 cm. |
| 490 #0 - Series Statement | |
| Series statement | New perspectives series ; |
| 500 ## - GENERAL NOTE | |
| General note | Includes index. |
| 500 ## - GENERAL NOTE | |
| General note | Includes Refrences. |
| 650 #0 - SUBJECT ADDED ENTRY--TOPICAL TERM | |
| Topical term or geographic name as entry element | HTML (Document markup language) |
| 9 (RLIN) | 7203 |
| 650 #0 - SUBJECT ADDED ENTRY--TOPICAL TERM | |
| Topical term or geographic name as entry element | XHTML (Document markup language) |
| 9 (RLIN) | 7204 |
| 650 #0 - SUBJECT ADDED ENTRY--TOPICAL TERM | |
| Topical term or geographic name as entry element | Web sites |
| General subdivision | Design. |
| 9 (RLIN) | 7205 |
| 942 ## - ADDED ENTRY ELEMENTS (KOHA) | |
| Source of classification or shelving scheme | Dewey Decimal Classification |
| Item type | Book - Borrowing |
| Withdrawn status | Item status | Source of classification or shelving scheme | Damaged status | Not for loan | Vendor | Home library | Current library | Shelving location | Date acquired | Source of acquisition | Cost, normal purchase price | Serial Enumeration / chronology | Total Checkouts | Full call number | Barcode | Date last seen | Date last borrowed | Koha item type |
|---|---|---|---|---|---|---|---|---|---|---|---|---|---|---|---|---|---|---|
| Dewey Decimal Classification | Alahram | Central Library | Central Library | Lower Floor | 28/02/2010 | 361.00 | 33 | 1 | 005.72 CAR | 000019862 | 15/07/2025 | 26/09/2010 | Book - Borrowing |